Una e una notte

Sábháilte in:
Sonraí bibleagrafaíochta
Príomhchruthaitheoir: Flaiano Ennio
Formáid: LEABHAR
Teanga:Teanga Anaithnid nó Neamhbhailí
Foilsithe / Cruthaithe: Milano Bompiani 1994
Clibeanna: Cuir clib leis
Níl clibeanna ann, Bí ar an gcéad duine le clib a chur leis an taifead seo!

MARC

LEADER 00000nam a2200000Ia 4500
001 775
003 NUMERAZIONE-ORIGINALE-BRESCIA
005 20260206230754.0
008 260206s9999 xx 000 0 und d
100 |a Flaiano Ennio 
245 0 |a Una e una notte 
260 |a Milano 
260 |b Bompiani 
260 |c 1994 
500 |a I grandi tascabili 
942 |2 ddc  |c BK  |n 0 
952 |0 0  |1 0  |2 ddc  |4 0  |6 13  |7 0  |9 28661  |a BS  |b BS  |d 2026-02-06  |i 775  |l 0  |o 1-3-*  |r 2026-02-06 22:40:39  |w 2026-02-06  |x [REVISIONARE]  |y BK 
999 |c 24319  |d 24319